Microeconomía (Registro nro. 4910)
[ vista simple ]
| 000 -LEADER | |
|---|---|
| fixed length control field | 01748 a2200313 4500 |
| 001 - CONTROL NUMBER | |
| control field | 49896 |
| 005 - DATE AND TIME OF LATEST TRANSACTION | |
| control field | 20260407155759.0 |
| 008 - FIXED-LENGTH DATA ELEMENTS--GENERAL INFORMATION | |
| fixed length control field | 260407a2006 arg spa d |
| 003 - CONTROL NUMBER IDENTIFIER | |
| control field | AR-UNSa-BCEJYS |
| 040 ## - CATALOGING SOURCE | |
| Original cataloging agency | AR-UNSa-BCEJYS |
| Language of cataloging | spa |
| Transcribing agency | AR-UNSa-BCEJYS |
| 080 ## - UNIVERSAL DECIMAL CLASSIFICATION NUMBER | |
| Universal Decimal Classification number | 330.101.542 |
| Common auxiliary subdivision | Microeconomía |
| 020 ## - INTERNATIONAL STANDARD BOOK NUMBER | |
| International Standard Book Number | 978-84-205-4623-0 |
| 041 ## - LANGUAGE CODE | |
| Language code of text/sound track or separate title | spa |
| 100 1# - MAIN ENTRY--PERSONAL NAME | |
| Personal name | Gravelle, Hugh |
| 245 10 - TITLE STATEMENT | |
| Title | Microeconomía |
| 250 ## - EDITION STATEMENT | |
| Edition statement | 3a. ed. |
| 264 #1 - PRODUCTION, PUBLICATION, DISTRIBUTION, MANUFACTURE, AND COPYRIGHT NOTICE | |
| Place of production, publication, distribution, manufacture | Madrid : |
| Name of producer, publisher, distributor, manufacturer | Pearson Educación |
| Date of production, publication, distribution, manufacture, or copyright notice | 2006 |
| 300 ## - PHYSICAL DESCRIPTION | |
| Extent | xii, 831 p. |
| Dimensions | 25 cm. |
| 505 ## - FORMATTED CONTENTS NOTE | |
| Formatted contents note | 1. Naturaleza y ámbito de la microeconomía – 2. La teoría del consumidor – 3. La teoría del consumidor: dualidad – 4. Más modelos de conducta del consumidor – 5. La producción – 6. El coste – 7. La empresa y los objetivos de la empresa – 8. Teoría de los mercados competitivos – 9. El monopolio – 10. Los mercados de factores productivos – 11. El mercado de capitales – 12. Equilibrio general – 13. La economía del bienestar – 14. Fallos de mercado y fallos de gobierno – 15. La teoría de juegos – 16. Oligopolio – 17. Elección bajo incertidumbre – 18. Producción en condiciones de incertidumbre – 19. Seguros, reparto y agrupación de riesgos – 20. Teoría de la agencia, teoría de contratos y la empresa – 21. Equilibrio general en condiciones de incertidumbre y mercados incompletos. |
| 590 ## - LOCAL NOTE (RLIN) | |
| Local note | niveau_biblio:m niveau_hierar:0 |
| 700 1# - ADDED ENTRY--PERSONAL NAME | |
| Personal name | Rees, Ray |
| 700 1# - ADDED ENTRY--PERSONAL NAME | |
| Personal name | Leal, Roberto |
| 700 1# - ADDED ENTRY--PERSONAL NAME | |
| Personal name | Moreno, Yago |
| 700 1# - ADDED ENTRY--PERSONAL NAME | |
| Personal name | Maté, Jorge Julio |
| 700 1# - ADDED ENTRY--PERSONAL NAME | |
| Personal name | Pérez Domínguez, Carlos |
| 700 1# - ADDED ENTRY--PERSONAL NAME | |
| Personal name | Rodríguez Caballero, Juan Carlos |
| 856 41 - ELECTRONIC LOCATION AND ACCESS | |
| Uniform Resource Identifier | <a href="https://www.biblioeco.unsa.edu.ar/pmb/images/libros/L128221.jpg">https://www.biblioeco.unsa.edu.ar/pmb/images/libros/L128221.jpg</a> |
| Link text | Imagen de portada |
| Electronic format type | image/jpeg |
| 942 ## - ADDED ENTRY ELEMENTS (KOHA) | |
| Koha item type | |
| Withdrawn status | Lost status | Damaged status | Not for loan | Home library | Current library | Shelving location | Date acquired | Total checkouts | Full call number | Barcode | Date last seen | Price effective from | Koha item type |
|---|---|---|---|---|---|---|---|---|---|---|---|---|---|
| Biblioteca Prof. Eusebio Cleto del Rey | Biblioteca Prof. Eusebio Cleto del Rey | 07/04/2026 | 330.101.542 G775 3ed. | L128221 | 07/04/2026 | 07/04/2026 | Libro |